| 000 | 01266nam a2200373Ii 4500 | ||
|---|---|---|---|
| 001 | DIGBN04338 | ||
| 003 | NyNyDIG | ||
| 006 | m o d | ||
| 007 | cr ||||||||||| | ||
| 008 | 100625s2006 sp ob 000 0 spa d | ||
| 020 | _z8497425294 | ||
| 020 | _z9788497425292 | ||
| 035 | _a(OCoLC)888260474 | ||
| 040 |
_aDGITA _beng _epn _cDGITA |
||
| 050 | 0 | 4 | _aRC685.H8 eBook |
| 100 | 1 | _aAmutio Kareaga, Alberto. | |
| 245 | 1 | 0 |
_aRelajación y meditación : _bun manual práctico para afrontar el estrés / _cAlberto Amutio Kareaga. |
| 264 | 1 |
_aMadrid : _bBiblioteca Nueva, _c2006. |
|
| 300 | _a1 online resource (253 pages) | ||
| 336 |
_atext _btxt _2rdacontent |
||
| 337 |
_acomputer _bc _2rdamedia |
||
| 338 |
_aonline resource _bcr _2rdacarrier |
||
| 490 | 1 | _aPsicología Universidad. | |
| 504 | _aIncludes bibliographical references (p. [247]-253). | ||
| 650 | 0 | _aStress (Psychology) | |
| 650 | 0 | _aRelaxation. | |
| 655 | 0 | _aElectronic books. | |
| 791 | 2 |
_aDigitalia (Firm), _edistributor. |
|
| 830 | 0 | _aColección Psicología universidad. | |
| 793 | 0 |
_gDigitalia eBook Collection: _aBiblioteca Nueva |
|
| 856 | 4 | 0 |
_3Digitalia Hispánica _uhttps://www.digitaliapublishing.com/a/5305/ |
| 910 | _aPremium Collection: 2007-2012 | ||
| 942 | _cRAA | ||
| 999 |
_c231124 _d231124 |
||